| 000 | 00919nam a2200265Ia 4500 | ||
|---|---|---|---|
| 003 | OSt | ||
| 005 | 20221005105243.0 | ||
| 006 | a|||||r|||| 00| 0 | ||
| 007 | ta | ||
| 008 | 221004b |||||||| |||| 00| 0 hin d | ||
| 020 |
_a8188457248 (hbk) _c200 |
||
| 024 | _a101534 | ||
| 037 |
_b371, 04/03/2010, Swaraj Prakashan _cTextual |
||
| 040 |
_aCRL _cCRL _bhin |
||
| 041 |
_2hin _ahin |
||
| 082 | _aY15:7:7.2, 152P6 | ||
| 100 | _aव्होरा, आशा रानी | ||
| 245 | 0 |
_aऔरत _b कल, आज और कल |
|
| 246 | _aAurata: kala, āj aur kala | ||
| 250 | _aद्वितीय | ||
| 260 |
_aनई दिल्ली _bकल्याणी परिषद् भारत _c2006 |
||
| 300 |
_a192पृ0 _ccm. |
||
| 942 |
_hY15:7:7.2, 152P6 _cTEXL _2cc |
||
| 999 |
_c1015289 _d1015289 |
||